| 000 | 00610nam a2200205 a 4500 | ||
|---|---|---|---|
| 005 | 20250620063838.0 | ||
| 008 | 991125s1983 mx 000 0 spa u | ||
| 035 | _aUPN01000001596 | ||
| 049 | _aCG | ||
| 050 | 4 |
_aQA135 _bT5.28 |
|
| 100 | 1 | _aTijonov, Andrei Nikolavich | |
| 245 | 1 | 0 |
_aAlgo acerca de la matemática aplicada / _cTijonov A., Kostonarov D. ; tr. M. S. Petrova. |
| 260 |
_aMoscú : _bMir, _c1983. |
||
| 300 |
_a294 p. : _bil. |
||
| 650 | 2 |
_aAlgoritmos _92187 |
|
| 650 | 4 |
_aMATEMATICA APLICADA _97480 |
|
| 650 | 2 |
_aModelos matemáticos _97479 |
|
| 700 | 1 |
_aKostonarov, D., _ecoaut. |
|
| 905 | _aLibro | ||
| 999 |
_c1596 _d1596 |
||